Фотосинтез и баланс углерода у гидрофильных арктических растений (Запись № 6431365)

Подробности
000 -МАРКЕР
контрольное поле 01488nam0a22003011 4500
001 - ИДЕНТИФИКАТОР ЗАПИСИ
контрольное поле rc\29776
005 - ИДЕНТИФИКАТОР ВЕРСИИ
контрольное поле 20200130105042.0
035 ## - ДРУГИЕ СИСТЕМНЫЕ НОМЕРА
Идентификатор записи (NLR Aleph) 005315483
100 ## - ДАННЫЕ ОБЩЕЙ ОБРАБОТКИ
Данные общей обработки 20021216d1991 u |0rusy50 ca
101 0# - ЯЗЫК РЕСУРСА
Язык текста, звукозаписи и т.д. русский
102 ## - СТРАНА ПУБЛИКАЦИИ ИЛИ ПРОИЗВОДСТВА
Страна публикации Российская Федерация
105 ## - ПОЛЕ КОДИРОВАННЫХ ДАННЫХ: ТЕКСТОВЫЕ МАТЕРИАЛЫ, МОНОГРАФИЧЕСКИЕ
Кодированные данные о монографическом текстовом документе a |||||||||
200 1# - ЗАГЛАВИЕ И СВЕДЕНИЯ ОБ ОТВЕТСТВЕННОСТИ
Основное заглавие Фотосинтез и баланс углерода у гидрофильных арктических растений
Сведения, относящиеся к заглавию Докл. на заседании президиума Коми науч. центра УрО АН СССР 21 июня 1991 г.
Первые сведения об ответственности С.К. Назаров, М.Д. Сивков, Е.В. Некучаева
210 ## - ПУБЛИКАЦИЯ, РАСПРОСТРАНЕНИЕ И ДР.
Место издания, распространения и т.д. Сыктывкар
Имя издателя, распространителя и т. д. Коми науч. центр УрО АН СССР
Дата издания, распространения и т.д. 1991
215 ## - ФИЗИЧЕСКАЯ ХАРАКТЕРИСТИКА
Специфическое обозначение материала и объем 20, [2] с.
Другие сведения о физической характеристике ил.
Размеры 20
225 1# - СЕРИЯ
Основное заглавие серии Серия препринтов "Научные доклады"
Сведения об ответственности АН СССР. Урал. отд-ние. Коми науч. центр
Обозначение тома Вып. 261
300 ## - ОБЩИЕ ПРИМЕЧАНИЯ
Текст примечания На обл. загл. сер.: Науч. доклады
320 ## - ПРИМЕЧАНИЯ О НАЛИЧИИ В ДОКУМЕНТЕ БИБЛИОГРАФИИ / УКАЗАТЕЛЯ
Текст примечания Библиогр.: с. 20-21 (21 назв.)
700 #1 - ИМЯ ЛИЦА - ПЕРВИЧНАЯ ОТВЕТСТВЕННОСТЬ
Начальный элемент ввода Назаров
Часть имени, кроме начального элемента ввода С. К.
Дополнения к именам, кроме дат канд. биол. наук
Расширение инициалов личного имени Сергей Константинович
Идентификатор авторитетной/нормативной записи RU\NLR\AUTH\770215359
701 #1 - ИМЯ ЛИЦА - АЛЬТЕРНАТИВНАЯ ОТВЕТСТВЕННОСТЬ
Начальный элемент ввода Сивков
Часть имени, кроме начального элемента ввода М. Д.
Расширение инициалов личного имени Михаил Дмитриевич
701 #1 - ИМЯ ЛИЦА - АЛЬТЕРНАТИВНАЯ ОТВЕТСТВЕННОСТЬ
Начальный элемент ввода Некучаева
Часть имени, кроме начального элемента ввода Е. В.
Расширение инициалов личного имени Елена Владиславовна
801 #0 - ИСТОЧНИК ЗАПИСИ
Страна Российская Федерация
Организация NLR
Правила каталогизации psbo
801 #1 - ИСТОЧНИК ЗАПИСИ
Страна Российская Федерация
Организация ELAR
Источник данных rusmarc
852 ## - МЕСТОНАХОЖДЕНИЕ И ШИФР ХРАНЕНИЯ
Идентификатор организации NLR
Шифр хранения (Call Number) 92-6/56
942 ## - ДОПОЛНИТЕЛЬНЫЕ ЭЛЕМЕНТЫ ЗАПИСИ (АБИС)
Тип экземпляра АБИС Книга
980 ## - КОЛЛЕКЦИЯ
Название коллекции Национальная библиография
Экземпляры
Тип экземпляра Дата поступления Библиотека постоянного хранения Библиотека текущего хранения Место хранения Шифр хранения Штрих-код Статус экземпляра
Книга 26.10.2013 РНБ (Московский) РНБ (Московский) Русский книжный фонд: издания с 1957 года 92-6/56 5315483-10